000 00576nam a2200205Ia 4500
005 20250923150104.0
008 008 250917s9999 xx 000 0 eng d
037 _aTextual
040 _aDSWL
_beng
_cDSWL
041 _aeng
_2eng
084 _aY15-73(Q7):1:7, P1
_qDSWL
100 _aAhmed, Naseem
_9842105
245 0 _aLiberation of Muslim women
_c by Naseem Ahmed
260 _aDelhi
_bKalpaz Publications
_c2001
300 _a330p.
365 _aINR
_b650
925 _g650
942 _cTEXL
_hY15-73(Q7):1:7, P1
999 _c1459429
_d1459429